Christina Aguilera - Beautiful Lyrics - Statistics

General Stats
  • This quiz has been taken 212 times
  • The average score is 183 of 229
Answer Stats
Answer % Correct
I
100%
beautiful
99%
you
99%
no
98%
(no
98%
the
98%
(the
98%
do
97%
do)
97%
every
97%
in
97%
me
97%
to
96%
am
95%
bring
95%
down
95%
so
95%
they
95%
what
95%
word's
95%
words
95%
can't
94%
matter
94%
say
94%
say)
94%
don't
93%
single
92%
way
92%
and
89%
(and
89%
today
89%
is
87%
Oh
86%
oh
86%
it
85%
are
84%
your
83%
It's
82%
then
82%
wonderful
82%
all
81%
Everyday
78%
hard
78%
now
78%
suddenly
78%
get
75%
I'm
74%
insecure
74%
we
74%
you're
73%
breathe
72%
friends
70%
from
68%
go
67%
go)
67%
ashamed
66%
pain
66%
Yes
62%
yes
62%
delirious
61%
us
56%
emptiness
55%
trying
53%
won't
52%
fill
51%
that
51%
(yeah
51%
yeah)
51%
yeah
51%
gone
49%
undone
47%
will
47%
sun
46%
'cause
45%
shine
44%
shine)
44%
always
43%
always,
43%
consumed
43%
puzzle
42%
everywhere
41%
doom
39%
pieces
38%
left
30%
on
30%
of
27%
we're
24%
ooh
22%
inside
21%
ain't
17%
other
16%
side
16%
song
13%
tune
10%
full
9%
might
9%
mistakes
9%
tomorrow
8%
awake
1%
No matching quizzes found
Score Distribution
Percent of People with Each Score
Percentile by Number Answered
Your Score History
You have not taken this quiz